Tottenham Hotspur Squad 25/26 - Statistics

General Stats
  • This quiz has been taken 102 times
    89 since last reset
  • The average score is 22 of 29
Answer Stats
# Nation Former Club Answer % Correct
1 Italy Empoli Guglielmo Vicario
94%
17 Argentina Atalanta Cristian Romero
93%
7 Netherlands Leipzig Xavi Simons
93%
9 Brazil Everton Richarlison
90%
37 Netherlands Wolfsburg Micky van de Ven
88%
20 Ghana West Ham Mohammed Kudus
88%
3 Romania Genoa Radu Dragusin
88%
4 Austria Lens Kevin Danso
86%
11 France Bayern Mathys Tel
86%
23 Spain Man City Pedro Porro
86%
8 Mali Brighton Yves Bissouma
86%
13 Italy Udinese Destiny Udogie
84%
10 England Leicester City James Maddison
84%
29 Senegal FC Metz Pape Sarr
84%
6 Portugal Bayern Joao Palhinha
83%
22 Wales Nottingham Brennan Johnson
81%
19 England Bournemouth Dominic Solanke
81%
15 Sweden Djurgardens Lucas Bergvall
81%
30 Uruguay Juventus Rodrigo Bentancur
80%
14 England Leeds United Archie Gray
77%
28 France Burnley Wilson Odobert
74%
33 Wales Swansea City Ben Davies
72%
39 France PSG Randal Kolo Muani
70%
24 England Middlesbrough Djed Spence
67%
31 Czech Rep Sparta Prague Antonin Kinsky
62%
25 Japan Kawasaki Frontale Kota Takai
48%
40 England Youth Brandon Austin
38%
44 England Youth Dane Scarlett
35%
21 Sweden Juventus Dejan Kulesevski
6%
No matching quizzes found
Score Distribution
Percent of People with Each Score
Percentile by Number Answered
Your Score History
You have not taken this quiz since the last reset